000 00588nam a2200181Ia 4500
005 20250508161935.0
008 008 250505s9999 xx 000 0 eng d
037 _aBooks to be hide in OPAC
040 _aFEDL
_beng
_cFEDL
041 _aeng
_2eng
084 _a016.37, INT/O
_qFEDL
245 0 _aAnnual educational bibliography of the international bureau of education 1957
245 0 _cInternational Bureau of Education
260 _aGeneva
_bInternational Bureau of Education
_c1957
300 _a101p
942 _cHB
_h016.37, INT/O
999 _c1373387
_d1373387